Todos os Campeõs de Formula 1 - 2021 - Statistics

Estatísticas Gerais
  • Esse quiz foi jogado 312 vezes
  • A pontuação média é 51 de 72
Estatísticas das Respostas
Ano País Nome % Correto
2020 Inglaterra Lewis Hamilton
98%
2019 Inglaterra Lewis Hamilton
98%
2018 Inglaterra Lewis Hamilton
98%
2017 Inglaterra Lewis Hamilton
98%
2015 Inglaterra Lewis Hamilton
98%
2014 Inglaterra Lewis Hamilton
98%
2008 Inglaterra Lewis Hamilton
98%
1991 Brasil Ayrton Senna
96%
1990 Brasil Ayrton Senna
96%
1988 Brasil Ayrton Senna
96%
2021 Holanda Max Verstappen
96%
2013 Alemanha Sebastian Vettel
94%
2012 Alemanha Sebastian Vettel
94%
2011 Alemanha Sebastian Vettel
94%
2010 Alemanha Sebastian Vettel
94%
2004 Alemanha Michael Schumacher
93%
2003 Alemanha Michael Schumacher
93%
2002 Alemanha Michael Schumacher
93%
2001 Alemanha Michael Schumacher
93%
2000 Alemanha Michael Schumacher
93%
1995 Alemanha Michael Schumacher
93%
1994 Alemanha Michael Schumacher
93%
2006 Espanha Fernando Alonso
90%
2005 Espanha Fernando Alonso
90%
1987 Brasil Nelson Piquet
88%
1983 Brasil Nelson Piquet
88%
1993 França Alain Prost
86%
1989 França Alain Prost
86%
1986 França Alain Prost
86%
1985 França Alain Prost
86%
2016 Alemanha Nico Rosberg
85%
1981 Brasil Neslon Piquet
84%
1982 Finlandia Keke Rosberg
81%
1974 Brasil Emerson Fittipaldi
80%
1972 Brasil Emerson Fittipaldi
80%
2007 Finlandia Kimi Raikkonen
80%
2009 Inglaterra Jenson Button
79%
1984 Austria Niki Lauda
74%
1977 Austria Niki Lauda
74%
1975 Austria Niki Lauda
74%
1957 Argentina Juan Manuel Fangio
72%
1956 Argentina Juan Manuel Fangio
72%
1955 Argentina Juan Manuel Fangio
72%
1954 Argentina Juan Manuel Fangio
72%
1951 Argentina Juan Manuel Fangio
72%
1999 Finlandia Mika Hakkinen
68%
1998 Finlandia Mika Hakkinen
68%
1997 Canada Jacques Villeneuve
63%
1996 Inglaterra Damon Hill
62%
1968 Inglaterra Graham Hill
57%
1962 Inglaterra Graham Hill
57%
1961 EUA Phil Hill
56%
1992 Inglaterra Nigel Mansell
54%
1953 Italia Alberto Ascari
47%
1952 Italia Alberto Ascari
47%
1976 Inglaterra James Hunt
47%
1950 Italia Giuseppe Farina
46%
1973 Inglaterra Jackie Stewart
38%
1971 Inglaterra Jackie Stewart
38%
1969 Inglaterra Jackie Stewart
38%
1966 Australia Jack Brabham
35%
1960 Australia Jack Brabham
35%
1959 Australia Jack Brabham
35%
1978 EUA/Itália Mario Andretti
35%
1965 Inglaterra Jim Clark
34%
1963 Inglaterra Jim Clark
34%
1980 Australia Alan Jones
29%
1970 Austria Jochen Rindt
23%
1967 Nova Zelandia Denny Hulme
21%
1964 Inglaterra John Surtees
18%
1958 Inglaterra Mike Hawthorn
17%
1979 Africa do Sul Jody Sheckter
11%
Nenhum quiz correspondente encontrado
Distribuição das Pontuações
Porcentagem de Pessoas com Cada Pontuação
Percentil de Números Respondidos
Sua Pontuação Histórica
Você não jogou esse quiz